| 000 | 00729nam0a22002531 4500 | ||
|---|---|---|---|
| 001 | v19\rc\1396620 | ||
| 005 | 20250618095448.0 | ||
| 035 | _a(NLR Aleph) 004527841 | ||
| 090 |
_a1827182 _c1827182 |
||
| 100 | _a20060512d1870 |||y0rusy50 ca | ||
| 101 | 0 | _arus | |
| 102 | _aRU | ||
| 105 | _aa z ||||| | ||
| 200 | 1 |
_aТайна отрубленной головы _eОбъяснение [фокуса] _fК.С. |
|
| 210 |
_aМосква _cтип. А. Жарковой _d1870 |
||
| 215 |
_a14 с., 1 л. черт. _d15 |
||
| 701 | 0 | _aК.С. | |
| 801 | 0 |
_aRU _bNLR _gpsbo |
|
| 801 | 0 |
_aRU _bRuMoRGB _2psbo |
|
| 801 | 1 |
_aRU _bProSoft-M _2rusmarc |
|
| 852 |
_aNLR _j18.126.6.208 |
||
| 899 |
_aRuMoRGB _jP 23/438 |
||
| 942 | _cBOOK | ||
| 980 | _aNB | ||